[Event "Grand Prix Riga 2019"]
[Site "Riga"]
[Date "2019.07.12"]
[Round "1.4"]
[White "Mamedyarov, Shakhriyar"]
[Black "Dubov, Daniil"]
[Result "1/2-1/2"]
[WhiteElo "2765"]
[BlackElo "2700"]
[Annotator "TA"]
[PlyCount "69"]
[EventDate "2019.07.10"]
[EventType "k.o."]
[EventCountry "LAT"]
[SourceTitle "playchess.com"]
[Source "ChessBase"]
[SourceQuality "1"]

{[%evp 16,69,44,44,44,43,35,35,43,43,26,31,43,53,40,24,18,7,18,6,18,11,16,26,39,0,0,0,0,0,24,21,64,61,78,0,0,0,0,0,0,0,0,0,0,0,0,0,0,0,0,0,0,0,0,0]} 1. c4 Nf6 2. Nc3 c5 3. g3 e6 4. Nf3 d5 5. cxd5 exd5 6. d4 Nc6 7. Bg2 cxd4 8. Nxd4 Bc5 9. Nb3 Bb6 {D33: Tarrasch Defence: 6 g3 sidelines} 10. Na4 $146 (10. Bxd5 Nb4 $15) ({Predecessor:} 10. O-O d4 11. Na4 O-O 12. Bg5 Re8 13. Nxb6 axb6 14. e3 d3 15. Bxf6 gxf6 16. a3 Be6 17. Rc1 {½-½ (28) Nakamura,H (2761)-Dubov,D (2690) Moscow 2019}) 10... O-O 11. Nxb6 axb6 {White is slightly better.} 12. Be3 h5 13. O-O h4 14. Bg5 h3 15. Bh1 Re8 16. Re1 Bg4 17. a3 Qd6 18. Qd2 Qe5 19. f3 Be6 20. Rad1 d4 21. f4 Qb5 22. Nxd4 Nxd4 23. Qxd4 Bb3 24. Rd3 $1 (24. Bxb7 Ra7 $17) (24. Bxf6 $6 Bxd1 25. Rxd1 (25. Bxg7 $2 Rad8 $19) 25... gxf6 $11) 24... Bc4 25. Rc3 (25. Bxb7 $2 Bxd3 26. Bxf6 (26. Bxa8 $2 Qa5 $19 {[%mdl 64] Double Attack}) 26... gxf6 $19) ({White should try} 25. Rd2 $1 $16) 25... Bxe2 $11 {And now ...Bf3! would win.The position is equal.} 26. Bxf6 ({Don't blunder} 26. Bxb7 $2 Bf3 $1 $19 {[%mdl 512]}) 26... gxf6 27. Qxf6 {Black must now prevent Rec1.} ({Don't go for} 27. Bxb7 $2 {[#]} Bf3 $1 $19 {[%mdl 512]}) 27... Bf3 28. Re5 ({Wrong is} 28. Rxe8+ $2 Rxe8 29. Qg5+ Qxg5 $19) 28... Rxe5 29. fxe5 Bxh1 30. e6 Qd5 $1 {[%csl Gh1,Gh3][%cal Rd5g2]} 31. Qxf7+ Kh8 {[%csl Gh1,Gh3][%cal Rd5g2]} 32. Qf6+ Kg8 {[%csl Gh1,Gh3][%cal Rd5g2]} 33. Qg6+ Kh8 {[%csl Gh1,Gh3][%cal Rd5g2]} 34. Qf6+ Kg8 {[%csl Gh1,Gh3][%cal Rd5g2]} 35. Qf7+ {Accuracy: White = 69%, Black = 72%.} 1/2-1/2

[Event "Grand Prix Riga 2019"]
[Site "Riga"]
[Date "2019.07.14"]
[Round "1.4"]
[White "Vitiugov, Nikita"]
[Black "Grischuk, Alexander"]
[Result "0-1"]
[WhiteElo "2727"]
[BlackElo "2766"]
[Annotator "TA"]
[PlyCount "48"]
[EventDate "2019.07.10"]
[EventType "k.o."]
[EventCountry "LAT"]
[SourceTitle "playchess.com"]
[Source "ChessBase"]
[SourceQuality "1"]

{[%evp 16,48,13,6,6,12,11,0,1,0,0,0,16,0,0,0,0,-24,-17,-29,-27,-109,-57,-63,-73,-69,-50,-81,-31,-48,-39,-193,-172,-165,-165]} 1. d4 Nf6 2. Nf3 d5 3. c4 e6 4. Nc3 c5 5. e3 Nc6 6. cxd5 exd5 7. Bb5 cxd4 8. Nxd4 Bd7 9. O-O Bd6 {D32: Tarrasch Defence: Sidelines and lines without g3} 10. Nf3 (10. b3 O-O 11. Bb2 Re8 12. Nf3 Bg4 13. Bxc6 bxc6 14. Rc1 Be5 15. Na4 Bxb2 16. Nxb2 Rc8 17. h3 Bxf3 18. Qxf3 {½-½ (60) So,W (2778)-Anand,V (2759) Leuven 2018}) 10... Bg4 11. Be2 O-O {The position is equal.} 12. h3 Bh5 13. b3 {[#]} Qa5 $146 ({Predecessor:} 13... Rc8 14. Bb2 a6 15. Nh4 Bg6 16. Nxg6 hxg6 17. Bf3 Be5 18. Rb1 d4 19. exd4 Bxd4 20. Na4 Ba7 21. Rc1 {½-½ (20) Grigoriants,S (2540)-Lomasov,S (2553) St Petersburg 2018}) 14. Bb2 Rad8 15. Nd4 Nxd4 16. Bxh5 Nc6 {[#] aiming for ...d4.} 17. Be2 Be5 $36 {[%mdl 2048] Black is pushing.} 18. Rc1 (18. Qe1 $11 {keeps the balance.}) 18... Ne4 (18... d4 $17 19. exd4 Bf4) 19. Qe1 Bxc3 20. Bxc3 Qxa2 21. Bb5 Nxc3 22. Qxc3 {Hoping for Ra1.} d4 23. exd4 $2 (23. Qa1 $15 Qxb3 24. Bxc6 bxc6 25. exd4) 23... Nxd4 $19 {[%mdl 64] [#] Double Attack} 24. Bc4 b5 {Accuracy: White = 27%, Black = 73%.} 0-1

[Event "Grand Prix Riga 2019"]
[Site "Riga"]
[Date "2019.07.13"]
[Round "1.4"]
[White "Dubov, Daniil"]
[Black "Mamedyarov, Shakhriyar"]
[Result "0-1"]
[WhiteElo "2700"]
[BlackElo "2765"]
[Annotator "RC"]
[PlyCount "155"]
[EventDate "2019.07.10"]
[EventType "k.o."]
[EventCountry "LAT"]
[SourceTitle "playchess.com"]
[Source "ChessBase"]
[SourceQuality "1"]
[TimeControl "40/5400+30:1800+30"]

1. Nf3 {[%emt 0:00:00]} Nf6 {[%emt 0:00:00]} 2. c4 {[%emt 0:00:00]} c5 {[%emt 0:00:26]} 3. Nc3 {[%emt 0:00:04]} d5 {[%emt 0:00:13]} 4. cxd5 {[%emt 0:00:16]} Nxd5 {[%emt 0:00:07]} 5. d4 {[%emt 0:01:06]} Nxc3 {[%emt 0:01:11]} 6. bxc3 {[%emt 0:00:08]} g6 {[%emt 0:00:15]} 7. e4 {[%emt 0:00:12]} Bg7 {[%emt 0:00:20]} 8. Bb5+ {[%emt 0:00:15]} Nc6 {[%emt 0:00:18]} 9. O-O {[%emt 0:00:10]} O-O {[%emt 0:00:27]} 10. Be3 {[%emt 0:00:17]} Bg4 {[%emt 0:00:13]} 11. d5 {[%emt 0:00:18]} Ne5 {[%emt 0:00:20]} 12. Be2 {[%emt 0:00:08]} Nxf3+ {[%emt 0:00:10]} 13. Bxf3 {[%emt 0:00:08]} Bxf3 {[%emt 0:00:04]} 14. Qxf3 {[%emt 0:00:08]} Bxc3 {[%emt 0:00:05]} 15. Rab1 {[%emt 0:00:08]} b6 {[%emt 0:00:05]} 16. Bxc5 {[%emt 0:00:10]} Rc8 {[%emt 0:00:05]} 17. Be3 {[%emt 0:02:59]} Qd7 {[%emt 0:04:31]} 18. Rfc1 {[%emt 0:11:05]} f5 {[%emt 0:09:36]} 19. g3 {[%emt 0:08:47]} Bf6 {[%emt 0:10:49]} 20. Bf4 {[%emt 0:05:19]} fxe4 {[%emt 0:05:19]} 21. Qxe4 {[%emt 0:01:03]} Qf5 {[%emt 0:08:15]} 22. Qe6+ {[%emt 0:14:11]} Qxe6 {[%emt 0:03:30]} 23. dxe6 {[%emt 0:00:08]} g5 {[%emt 0:00:22]} 24. Be3 {[%emt 0:01:54]} Kg7 {[%emt 0:06:29]} 25. g4 {[%emt 0:10:36]} Rfd8 {[%emt 0:06:59]} 26. a4 {[%emt 0:03:33]} h6 {[%emt 0:04:59]} 27. Kg2 {[%emt 0:04:50]} Rxc1 {[%emt 0:09:28]} 28. Rxc1 {[%emt 0:00:06]} Rd5 {[%emt 0:00:02]} 29. Kf3 {[%emt 0:02:25]} Ra5 {[%emt 0:04:08]} 30. Rc4 {[%emt 0:02:20]} Be5 {[%emt 0:04:30]} 31. Ke4 {[%emt 0:00:33]} Kf6 {[%emt 0:00:08]} 32. Bd2 {[%emt 0:00:57]} b5 {[%emt 0:01:19]} 33. axb5 {[%emt 0:00:27]} Rxb5 {[%emt 0:00:05]} 34. Ra4 {[%emt 0:01:50]} Bb8 {[%emt 0:00:27]} 35. Ra1 {[%emt 0:19:10]} Kxe6 {[%emt 0:02:26]} 36. h4 {[%emt 0:00:34]} gxh4 {[%emt 0:06:21]} 37. Rh1 {[%emt 0:01:12]} Re5+ {[%emt 0:02:38]} 38. Kd3 {[%emt 0:02:02]} Rd5+ {[%emt 0:00:37]} 39. Kc2 {[%emt 0:01:05]} h5 {[%emt 0:02:52]} 40. Rxh4 {[%emt 0:00:10]} hxg4 {[%emt 0:00:06]} 41. Rxg4 {[%emt 0:30:05]} Bd6 {[%emt 0:31:42]} 42. Ra4 {[%emt 0:04:02]} Bc5 {[%emt 0:00:15]} 43. f3 {[%emt 0:01:33]} Bb6 {[%emt 0:01:00]} 44. Bc3 {[%emt 0:00:00]} Kd7 {[%emt 0:00:00]} 45. Re4 {[%emt 0:00:00]} Bc5 {[%emt 0:00:00]} 46. f4 {[%emt 0:00:00]} Kc6 {[%emt 0:00:00]} 47. Ra4 {[%emt 0:00:00]} Rh5 {[%emt 0:00:00]} 48. Kb3 {[%emt 0:00:00]} Rh3 {[%emt 0:00:00]} 49. Kc4 {[%emt 0:00:00]} Re3 {[%emt 0:00:00]} 50. Ra6+ {[%emt 0:00:00]} Bb6 {[%emt 0:00:00]} 51. Be5 {[%emt 0:00:00]} Re1 {[%emt 0:00:00]} 52. Ra2 {[%emt 0:00:00]} Re4+ {[%emt 0:00:00]} 53. Kd3 {[%emt 0:00:00]} Kd5 {[%emt 0:00:00]} 54. Ra6 {[%emt 0:00:00]} Re3+ {[%emt 0:00:00]} 55. Kd2 {[%emt 0:00:00]} Kc4 {[%emt 0:00:00]} 56. Ra4+ {[%emt 0:00:00]} Kb5 {[%emt 0:00:00]} 57. Ra1 {[%emt 0:00:00]} Rh3 {[%emt 0:00:00]} 58. Rf1 {[%emt 0:00:00]} e6 {[%emt 0:05:25]} 59. Bb8 {[%emt 0:00:00]} Rh8 {[%emt 0:01:07]} 60. Be5 {[%emt 0:00:00]} Rh2+ {[%emt 0:00:06]} 61. Kd3 {[%emt 0:00:13]} Rh3+ {[%emt 0:00:06]} 62. Kd2 {[%emt 0:02:19]} Kc4 {[%emt 0:00:57]} 63. Rc1+ {[%emt 0:00:07]} Kd5 {[%emt 0:00:07]} 64. Rc8 {[%emt 0:01:00]} Ke4 {[%emt 0:02:20]} 65. Re8 {[%emt 0:02:11]} Rh6 {[%emt 0:00:11]} 66. Kc3 {[%emt 0:01:02]} Be3 {[%emt 0:01:07]} 67. Ra8 {[%emt 0:03:16]} Rh1 {[%emt 0:01:06]} 68. Re8 {[%emt 0:00:25]} Rc1+ {[%emt 0:00:34]} 69. Kb3 {[%emt 0:00:54]} Rc6 {[%emt 0:00:29]} 70. Rf8 {[%emt 0:00:09]} Rb6+ {[%emt 0:01:50]} 71. Kc4 {[%emt 0:00:49]} Rc6+ {[%emt 0:00:01]} 72. Kb3 {[%emt 0:00:08]} Rb6+ {[%emt 0:00:04]} 73. Kc4 {[%emt 0:00:09]} a5 {[%emt 0:01:06]} 74. Ra8 {[%emt 0:02:24]} Rc6+ {[%emt 0:01:27]} 75. Kb3 {[%emt 0:00:32]} Bxf4 {[%emt 0:00:23]} 76. Bc3 {[%emt 0:00:36]} Bc7 {[%emt 0:00:09]} 77. Rc8 {[%emt 0:02:45]} a4+ {[%emt 0:00:43]} 78. Kc2 {[%emt 0:00:16] Ke5} 0-1

[Event "Grand Prix Riga 2019"]
[Site "Riga"]
[Date "2019.07.13"]
[Round "1.5"]
[White "Grischuk, Alexander"]
[Black "Vitiugov, Nikita"]
[Result "1/2-1/2"]
[WhiteElo "2766"]
[BlackElo "2727"]
[Annotator "TA"]
[PlyCount "41"]
[EventDate "2019.07.10"]
[EventType "k.o."]
[EventCountry "LAT"]
[SourceTitle "playchess.com"]
[Source "ChessBase"]
[SourceQuality "1"]

{[%evp 18,19,24,13]} 1. d4 Nf6 2. c4 e6 3. Nf3 Bb4+ 4. Nbd2 O-O 5. e3 d5 6. a3 Be7 7. b3 b6 8. Bb2 Bb7 9. Bd3 c5 10. O-O {Predecessor:} Nc6 $146 11. Qe2 cxd4 12. exd4 Rc8 13. Rac1 Re8 14. c5 a5 15. Bb5 Nd7 16. Bxc6 Bxc6 17. b4 b5 18. Nb3 axb4 19. axb4 Qc7 20. Ra1 Bd8 21. Ne1 {1-0 (54) Smirnov,A (2527)-Margvelashvili,G (2530) chess.com INT 2018} 1/2-1/2

[Event "Grand Prix Riga 2019"]
[Site "Riga"]
[Date "2019.07.14"]
[Round "1.5"]
[White "Aronian, Levon"]
[Black "Yu, Yangyi"]
[Result "1/2-1/2"]
[WhiteElo "2756"]
[BlackElo "2736"]
[Annotator "TA"]
[PlyCount "92"]
[EventDate "2019.07.10"]
[EventType "k.o."]
[EventCountry "LAT"]
[SourceTitle "playchess.com"]
[Source "ChessBase"]
[SourceQuality "1"]

{[%evp 17,92,32,30,10,14,13,13,15,12,8,11,10,8,0,3,0,0,0,14,14,18,18,53,39,33,27,17,20,23,22,21,15,59,0,0,0,0,0,0,0,7,0,0,0,0,0,0,0,0,0,0,0,0,0,0,0,0,0,0,0,0,0,0,0,0,0,0,0,0,0,0,0,0,0,0,0,0]} 1. c4 c6 2. Nf3 d5 3. e3 Nf6 4. d4 g6 5. Nc3 Bg7 6. Be2 O-O 7. O-O dxc4 8. Bxc4 Bg4 9. Be2 Nbd7 {[%cal Bb8d7,Bd7c5,Bc5d3,Bd3c1][%mdl 32]} 10. h3 {D94: Grünfeld: 4 Nf3 Bg7 5 e3} (10. e4 Bxf3 11. Bxf3 e5 12. dxe5 Nxe5 13. Be2 Qe7 14. Qc2 Rfd8 15. h3 c5 16. Bg5 Nc6 17. Rae1 h6 {½-½ (28) Cheparinov,I (2703)-Mamedov,R (2680) Kocaeli 2017}) 10... Bxf3 $1 11. Bxf3 e5 12. d5 cxd5 13. Bxd5 Nc5 14. Bc4 $146 ({Predecessor:} 14. b4 Nxd5 15. Qxd5 Qxd5 16. Nxd5 Rfd8 17. Ne7+ Kf8 18. Nxg6+ hxg6 19. bxc5 {1-0 (52) Ivanov,I (2489)-Zugic,I (2450) Toronto 2002}) 14... e4 15. Qe2 Qe7 16. b3 Nd3 17. a4 Nxc1 18. Raxc1 Rad8 19. Rfd1 Qe5 20. Rc2 Rfe8 21. Rxd8 Rxd8 22. Rd2 Rxd2 23. Qxd2 Bf8 24. Nd5 Nxd5 25. Bxd5 (25. Qxd5 $14 Qxd5 26. Bxd5) 25... b6 $11 {The position is equal.} 26. g3 Kg7 27. Kg2 Bb4 28. Qd1 Bc5 29. Bc4 a5 30. h4 h5 31. Qc2 Bb4 32. Bb5 Bc5 33. Bc6 f5 34. Bb5 Kf6 35. Be2 Qd5 36. Kg1 Qd6 37. Qc1 Qd5 38. Bc4 Qd6 39. Kf1 Bb4 40. Be2 Qc5 41. Qd1 Qd6 42. Qc2 Qc5 43. Bc4 Qe5 44. Qd1 Qd6 45. Qa1+ Qe5 46. Qxe5+ Kxe5 {Accuracy: White = 83%, Black = 80%.} 1/2-1/2

[Event "Grand Prix Riga 2019"]
[Site "Riga"]
[Date "2019.07.14"]
[Round "1.5"]
[White "Yu, Yangyi"]
[Black "Aronian, Levon"]
[Result "1/2-1/2"]
[WhiteElo "2736"]
[BlackElo "2756"]
[Annotator "TA"]
[PlyCount "63"]
[EventDate "2019.07.10"]
[EventType "k.o."]
[EventCountry "LAT"]
[SourceTitle "playchess.com"]
[Source "ChessBase"]
[SourceQuality "1"]

{[%evp 13,63,2,10,0,11,7,49,0,9,4,28,17,35,17,13,14,19,10,7,12,0,0,0,0,0,0,0,1,8,0,0,0,13,0,0,0,0,0,0,0,0,0,0,0,0,0,2,0,0,0,0,0]} 1. e4 e5 2. Nf3 Nc6 3. Bc4 Bc5 4. d3 Nf6 5. Bg5 h6 6. Bh4 d6 7. c3 a6 8. Nbd2 {C54: Giuoco Piano: 4 c3 Nf6, main lines with 5 d4 and 5 d3} Ba7 9. a4 Qe7 10. Qe2 {White is slightly better.} Be6 11. b4 Bxc4 $146 ({Predecessor:} 11... O-O 12. O-O Rfe8 13. Rfb1 Rab8 14. a5 Bxc4 15. Nxc4 Qe6 16. Bxf6 Qxf6 {1-0 (51) Najer,E (2707)-Aleksandrov,A (2580) Tbilisi 2017}) 12. Nxc4 Qe6 13. Bxf6 Qxf6 {The position is equal.} 14. O-O O-O 15. b5 Nd8 16. Rfb1 axb5 17. axb5 {[#] aiming for b6.} Ne6 18. g3 Bc5 19. Ne3 c6 20. bxc6 bxc6 21. Nf5 Rxa1 22. Rxa1 h5 23. Ra6 g6 24. Ne3 Qe7 25. Nc2 Qb7 26. d4 exd4 27. cxd4 Bb6 28. Ra1 Ra8 29. Rb1 Qa6 30. Qxa6 Rxa6 31. Nb4 Ra4 32. Nxc6 {Accuracy: White = 57%, Black = 69%.} 1/2-1/2

[Event "Grand Prix Riga 2019"]
[Site "Riga"]
[Date "2019.07.12"]
[Round "1.5"]
[White "Vitiugov, Nikita"]
[Black "Grischuk, Alexander"]
[Result "1/2-1/2"]
[WhiteElo "2727"]
[BlackElo "2766"]
[Annotator "TA"]
[PlyCount "90"]
[EventDate "2019.07.10"]
[EventType "k.o."]
[EventCountry "LAT"]
[SourceTitle "playchess.com"]
[Source "ChessBase"]
[SourceQuality "1"]

{[%evp 14,90,41,25,49,31,50,41,42,34,47,62,45,29,26,16,19,33,26,9,0,11,18,12,3,15,16,-43,-45,-67,-67,-71,-64,-108,-79,-142,-143,-141,-141,-206,-147,-431,-89,-86,-90,-84,-83,-90,-59,-55,-58,-66,-60,-66,-74,-77,-31,-31,-8,-8,-8,-8,-8,-8,0,0,0,0,0,0,0,0,0,0,0,-8,-8,-8,-8]} 1. e4 e5 2. Nf3 Nc6 3. Bc4 Nf6 4. Ng5 d5 5. exd5 Na5 6. Bb5+ c6 7. dxc6 bxc6 8. Bd3 Ng4 {C58: Two Knights: 4 Ng5 d5 5 exd5 Na5 sidelines} (8... Nd5 9. Nf3 Bd6 10. O-O O-O 11. Re1 f5 12. b4 Nxb4 13. Nxe5 Bxe5 14. Rxe5 Nxd3 15. cxd3 Qd4 16. Rxa5 Qxa1 {½-½ (31) Vovk,A (2616)-Demchenko,A (2661) Fagernes 2019}) 9. Ne4 f5 10. Be2 h5 {White is slightly better.} 11. h3 fxe4 12. hxg4 Bc5 13. Nc3 Qd4 {[%csl Gc5][%cal Rd4f2]} 14. O-O $1 Rf8 $146 {[%cal Rf8f2]} ({Predecessor:} 14... O-O 15. Qe1 hxg4 16. d3 exd3 17. Bxd3 Rxf2 18. Qxf2 Qxf2+ 19. Rxf2 {½-½ (28) Filipchenko,V (2410)-Anokhin,Y (2397) ICCF email 2016}) 15. Qe1 {Black must now prevent d3.} hxg4 16. g3 Bf5 $36 {[%mdl 2048] [#] Black has good play.} 17. d3 $1 {[%mdl 512]} Rh8 $1 {[%cal Re4d3]} (17... exd3 $6 18. Bxd3 Bxd3 19. cxd3 $16) 18. Be3 Qd6 $1 19. Kg2 $1 (19. Nxe4 $2 Bxe4 20. dxe4 Qg6 $19) (19. dxe4 $2 Bxe3 20. Kg2 Bd2 $19) 19... O-O-O {Strongly threatening ...Bxe3.} 20. Rh1 ({Weaker is} 20. Nxe4 Bxe4+ 21. dxe4 Bxe3 $18) (20. dxe4 $6 Bxe3 21. Ba6+ (21. fxe3 Be6 $16) (21. exf5 $2 Rh2+ 22. Kg1 Rdh8 $19) 21... Kb8 $16) ({Better is} 20. Bg5 $11 exd3 21. Bxd3 Bxd3 22. cxd3 Qxd3 23. Qe4) 20... Bxe3 $15 21. fxe3 Rxh1 22. Qxh1 exd3 23. cxd3 Bxd3 24. Bxg4+ ({White should play} 24. Rd1 Bxe2 25. Rxd6 Bf3+ 26. Kg1 Bxh1 27. Rxd8+ Kxd8 28. Kxh1) 24... Kb8 $17 {...Qb4 is the strong threat.} 25. Qh4 Nc4 26. Re1 (26. Qg5 $17) 26... Rf8 27. Bf3 $2 {[%mdl 8192]} (27. Qg5 $17) 27... Bf1+ $2 (27... e4 $19 28. Be2 Nxe3+ 29. Kh1 Qe5) 28. Kg1 Rxf3 ({Don't blunder} 28... Qd2 $2 29. Rxf1 Qxe3+ 30. Kh2 $18) 29. Rxf1 Rxf1+ 30. Kxf1 Qd3+ 31. Kg1 Qxe3+ 32. Kh2 Qh6 33. Qxh6 gxh6 $15 {[%mdl 4096] Endgame KN-KN} 34. Kh3 Nxb2 35. Kg4 Kc7 {aiming for ...Kd6.} 36. Kh5 {The position is equal.} Nc4 37. Kxh6 Ne3 {And now ...Nf5+ would win.} 38. Kh5 $1 Kd6 39. g4 Ke6 (39... Nd5 $5 40. Ne4+ $8 Ke6 $11) 40. g5 Nf5 41. g6 c5 42. Kg5 c4 43. Ne4 {Threatens to win with Nc5+.} Ne7 {White should prevent ...Kd5.} 44. g7 Kf7 45. Nd6+ {[%mdl 64] [#] Double Attack} Kxg7 {Accuracy: White = 60%, Black = 66%.} 1/2-1/2

[Event "Grand Prix Riga 2019"]
[Site "Riga"]
[Date "2019.07.12"]
[Round "1.6"]
[White "Aronian, Levon"]
[Black "Yu, Yangyi"]
[Result "1/2-1/2"]
[WhiteElo "2756"]
[BlackElo "2736"]
[Annotator "TA"]
[PlyCount "57"]
[EventDate "2019.07.10"]
[EventType "k.o."]
[EventCountry "LAT"]
[SourceTitle "playchess.com"]
[Source "ChessBase"]
[SourceQuality "1"]

{[%evp 13,57,18,8,8,8,8,18,12,16,10,15,0,0,0,0,2,0,0,-6,-30,0,0,0,0,0,-20,-9,-19,-15,-17,13,11,14,14,16,18,19,18,24,0,0,0,0,-8,0,0]} 1. c4 c6 2. d4 d5 3. cxd5 cxd5 4. Bf4 Nc6 5. e3 Nf6 6. Nc3 Bf5 7. Qb3 Na5 8. Qa4+ {D10: Slav Defence: 3 cxd5 (without early Nf3) and 3 Nc3} Bd7 9. Qc2 {next Nb5 is good for White.} e6 10. Nf3 Be7 11. Bd3 Nc6 (11... Rc8 12. O-O Nc6 13. Qe2 Nh5 14. Be5 O-O 15. h3 f5 {1-0 (38) Korobov,A (2694)-Rodshtein,M (2674) Czech Republic 2018}) 12. Qe2 Nh5 13. Be5 f6 14. Bg3 f5 15. Nd2 g6 16. Nb3 $146 ({Predecessor:} 16. Be5 O-O 17. O-O Nxe5 18. dxe5 {0-1 (48) Januario,S (2165)-El Debs,F (2522) Brasilia 2014}) 16... Nxg3 17. hxg3 Nb4 18. Bb1 Qb6 19. g4 O-O-O 20. gxf5 gxf5 21. a3 Nd3+ 22. Bxd3 {[#] Black must now prevent Bb5.} Qxb3 23. Bb5 h5 24. Rc1 Kb8 25. Bxd7 Rxd7 26. Qc2 Qb6 {The position is equal.} 27. Na4 Qd8 28. Nc5 Bxc5 29. dxc5 {Accuracy: White = 69%, Black = 91%.} 1/2-1/2

[Event "Grand Prix Riga 2019"]
[Site "Riga"]
[Date "2019.07.14"]
[Round "1.6"]
[White "Nakamura, Hikaru"]
[Black "Topalov, Veselin"]
[Result "1/2-1/2"]
[WhiteElo "2754"]
[BlackElo "2740"]
[Annotator "ChessBase"]
[PlyCount "99"]
[EventDate "2019.07.10"]
[EventType "k.o."]
[EventCountry "LAT"]
[SourceTitle "playchess.com"]
[Source "ChessBase"]
[SourceQuality "1"]
[TimeControl "1500+10"]

1. Nf3 {[%emt 0:00:00]} Nf6 {[%emt 0:00:00]} 2. e3 {[%emt 0:00:00]} g6 {[%emt 0:00:11]} 3. b4 {[%emt 0:00:00]} Bg7 {[%emt 0:00:10]} 4. Bb2 {[%emt 0:00:00]} O-O {[%emt 0:00:12]} 5. c4 {[%emt 0:00:01]} b6 {[%emt 0:00:04]} 6. Be2 {[%emt 0:00:27]} c5 {[%emt 0:00:02]} 7. a3 {[%emt 0:00:11]} Bb7 {[%emt 0:00:31]} 8. O-O {[%emt 0:00:05]} d6 {[%emt 0:00:49]} 9. d3 {[%emt 0:00:35]} Nbd7 {[%emt 0:00:15]} 10. Nc3 {[%emt 0:00:02]} e6 {[%emt 0:00:27]} 11. Qb3 {[%emt 0:00:51]} Qe7 {[%emt 0:00:30]} 12. d4 {[%emt 0:00:28]} Rab8 {[%emt 0:00:17]} 13. a4 {[%emt 0:02:29]} d5 {[%emt 0:02:59]} 14. bxc5 {[%emt 0:00:25]} bxc5 {[%emt 0:00:02]} 15. Ba3 {[%emt 0:00:01]} Rfc8 {[%emt 0:00:20]} 16. cxd5 {[%emt 0:05:36]} Nxd5 {[%emt 0:00:52]} 17. Nxd5 {[%emt 0:00:15]} Bxd5 {[%emt 0:00:02]} 18. Qd1 {[%emt 0:00:01]} Qd8 {[%emt 0:01:36]} 19. Ba6 {[%emt 0:01:19]} Rc7 {[%emt 0:00:05]} 20. Bb5 {[%emt 0:00:02]} cxd4 {[%emt 0:04:10]} 21. Nxd4 {[%emt 0:01:49]} Nb6 {[%emt 0:00:25]} 22. Rc1 {[%emt 0:02:11]} Rxc1 {[%emt 0:02:04]} 23. Bxc1 {[%emt 0:00:05]} Rc8 {[%emt 0:00:07]} 24. Ba6 {[%emt 0:00:37]} Rb8 {[%emt 0:01:18]} 25. Re1 {[%emt 0:01:57]} Nd7 {[%emt 0:00:31]} 26. Bb5 {[%emt 0:00:55]} Nc5 {[%emt 0:00:08]} 27. Ba3 {[%emt 0:00:06]} Bf8 {[%emt 0:00:57]} 28. Qc2 {[%emt 0:01:04]} Rc8 {[%emt 0:00:41]} 29. Rc1 {[%emt 0:00:49]} Bb7 {[%emt 0:01:21]} 30. Qb1 {[%emt 0:00:27]} Be4 {[%emt 0:01:12]} 31. Qa2 {[%emt 0:00:30]} Bd5 {[%emt 0:00:23]} 32. Qc2 {[%emt 0:00:11]} Qg5 {[%emt 0:00:25]} 33. Bf1 {[%emt 0:00:10]} Qd8 {[%emt 0:00:32]} 34. Qd1 {[%emt 0:00:47]} h5 {[%emt 0:00:57]} 35. Nb5 {[%emt 0:01:11]} a6 {[%emt 0:00:02]} 36. Nd4 {[%emt 0:00:02]} Bb7 {[%emt 0:00:23]} 37. Rb1 {[%emt 0:00:12]} Be4 {[%emt 0:00:11]} 38. Rc1 {[%emt 0:00:03]} e5 {[%emt 0:00:38]} 39. Nf3 {[%emt 0:00:12]} Qxd1 {[%emt 0:00:22]} 40. Rxd1 {[%emt 0:00:00]} Bxf3 {[%emt 0:01:01]} 41. gxf3 {[%emt 0:00:02]} Nxa4 {[%emt 0:00:01]} 42. Bxa6 {[%emt 0:00:41]} Ra8 {[%emt 0:00:03]} 43. Bb7 {[%emt 0:00:40]} Rb8 {[%emt 0:00:08]} 44. Bxf8 {[%emt 0:00:02]} Kxf8 {[%emt 0:00:13]} 45. Bc6 {[%emt 0:00:01]} Nb6 {[%emt 0:00:04]} 46. Ra1 {[%emt 0:00:28]} Rc8 {[%emt 0:00:51]} 47. Be4 {[%emt 0:00:08]} Nd7 {[%emt 0:00:06]} 48. Ra7 {[%emt 0:00:37]} Nf6 {[%emt 0:00:04]} 49. Ra5 {[%emt 0:00:20]} Nxe4 {[%emt 0:00:07]} 50. fxe4 {[%emt 0:00:01]} 1/2-1/2

[Event "Grand Prix Riga 2019"]
[Site "Riga"]
[Date "2019.07.14"]
[Round "1.6"]
[White "Topalov, Veselin"]
[Black "Nakamura, Hikaru"]
[Result "1-0"]
[WhiteElo "2740"]
[BlackElo "2754"]
[Annotator "TA"]
[PlyCount "92"]
[EventDate "2019.07.10"]
[EventType "k.o."]
[EventCountry "LAT"]
[SourceTitle "playchess.com"]
[Source "ChessBase"]
[SourceQuality "1"]

{[%evp 9,92,20,15,16,5,5,22,9,10,11,31,12,18,15,37,24,39,25,23,14,9,10,15,7,14,20,13,8,10,1,12,0,36,6,0,0,4,8,17,25,20,11,16,21,18,27,27,28,16,14,16,15,20,20,27,24,26,13,17,21,22,0,78,24,24,31,31,21,21,21,26,14,72,81,104,81,113,116,118,117,118,118,233,235,5513]} 1. e4 e5 2. Nf3 Nc6 3. Bb5 Nf6 4. d3 Bc5 5. c3 O-O 6. Bg5 {C65: Ruy Lopez: Berlin Defence (3...Nf6), unusual lines and 4 0-0 Bc5} (6. O-O d6 7. Ba4 Ne7 8. Bc2 Ng6 9. d4 Bb6 10. a4 c6 11. dxe5 Nxe5 12. Nxe5 dxe5 13. Qxd8 Rxd8 14. a5 Bc5 {1-0 (39) Carlsen,M (2845)-Grischuk,A (2771) Shamkir 2019}) 6... h6 7. Bh4 Be7 8. O-O {The position is equal.} d6 9. Bg3 a6 10. Ba4 b5 $146 ({Predecessor:} 10... Re8 11. Re1 Bf8 12. h3 b5 13. Bc2 Bb7 {1-0 (43) Borisek,J (2565)-Dobrovoljc,V (2293) Slovenia 2017}) 11. Bc2 Re8 12. Nbd2 {[%cal Bb1d2,Bd2f1,Bf1e3][%mdl 32]} Bf8 13. Re1 Nh5 14. Nf1 Nxg3 15. hxg3 g6 16. Ne3 Bg7 17. a4 Rb8 18. axb5 axb5 {[%cal Ba6b5,Bb5b4][%mdl 32]} 19. Bb3 Rf8 20. d4 b4 21. Bd5 (21. d5 $5 {[%cal Rd5c6]} Ne7 22. c4 $14) 21... Bd7 22. Ra6 Ne7 23. dxe5 dxe5 24. Bc4 bxc3 25. bxc3 Bc6 26. Qc2 Ra8 27. Rea1 Rxa6 28. Rxa6 Kh7 29. Ra5 f6 30. Nd2 Qd7 31. Nb3 Ra8 32. Nc5 Qd6 $1 33. Rxa8 Bxa8 34. Ne6 h5 35. Qb1 Qb6 {[#]} (35... Bc6 $1 $11 {keeps the balance.}) 36. Qxb6 (36. Qd3 $1 $16 {[%cal Rd3d8]} Qd6 37. g4) 36... cxb6 $11 37. Bd5 Bc6 38. Bxc6 Nxc6 $14 {[%mdl 4096] Endgame KBN-KNN} 39. Nd5 b5 40. Kf1 f5 (40... Kg8 $11 {remains equal.}) 41. Ke2 $16 Bh6 42. Nec7 Na7 43. exf5 gxf5 44. Ne7 f4 45. gxf4 exf4 (45... Bxf4 $16 {might work better.} 46. Kf3 Bc1) 46. Kf3 Nc6 $2 {Accuracy: White = 57%, Black = 45%.} (46... Bg5) 1-0